| 000 | 00507nam a22001937a 4500 | ||
|---|---|---|---|
| 003 | CEME | ||
| 005 | 20210628210239.0 | ||
| 008 | 210216b xxu||||| |||| 00| 0 eng d | ||
| 020 | _a0-669-39489-0 | ||
| 040 | _c. | ||
| 082 | _a51 LAR | ||
| 100 |
_aLarson, Roland.E Hostetler, Robert.P Edwards, Bruce.H _978719 |
||
| 245 | _aBrief calculus with applications | ||
| 250 | _a4TH | ||
| 260 |
_aLEXINGTON _bD. C. HEATH AND COMPANY _c1995 |
||
| 300 | _a544P | ||
| 650 |
_aCALCULUS _910982 |
||
| 942 |
_cBK _2ddc |
||
| 999 |
_c583811 _d583811 |
||